Welcome to CU Library Online Public Access Catalogue (OPAC)

I think of Jesus, (Record no. 1132)

MARC details
000 -LEADER
fixed length control field 00486cam a22001691 4500
001 - CONTROL NUMBER
control field 9866178
005 - DATE AND TIME OF LATEST TRANSACTION
control field 20241113153932.0
008 - FIXED-LENGTH DATA ELEMENTS--GENERAL INFORMATION
fixed length control field 741004s1966 xx 000 0 eng
050 00 - LIBRARY OF CONGRESS CALL NUMBER
Classification number PS3552.R63
Item number I2
082 ## - DEWEY DECIMAL CLASSIFICATION NUMBER
Classification number 811.54
100 1# - MAIN ENTRY--PERSONAL NAME
Personal name Brokering, Herbert,
Dates associated with a name 1926-2009.
245 10 - TITLE STATEMENT
Title I think of Jesus,
Statement of responsibility, etc. by Herbert Brokering. Illustrator: Knosterlie.
260 ## - PUBLICATION, DISTRIBUTION, ETC.
Place of publication, distribution, etc. Grand Rapids,
Name of publisher, distributor, etc. Eerdmans
Date of publication, distribution, etc. [1966]
300 ## - PHYSICAL DESCRIPTION
Extent 1 v. (unpaged)
Other physical details illus.
Dimensions 23 cm.
650 ## - SUBJECT ADDED ENTRY--TOPICAL TERM
Source of heading or term Theology
942 ## - ADDED ENTRY ELEMENTS (KOHA)
Source of classification or shelving scheme Library of Congress Classification
Koha item type Books
Suppress in OPAC No
999 ## -
-- 1132
-- 1132
Holdings
Withdrawn status Lost status Source of classification or shelving scheme Damaged status Not for loan Collection Home library Current library Shelving location Date acquired Total checkouts Full call number Barcode Date last seen Copy number Price effective from Koha item type
    Library of Congress Classification     Non-fiction Law Library (Miotso) Law Library (Miotso) General stacks 11/13/2024   PS3552 BRO LLM00000859 11/13/2024 1 11/13/2024 Books
© 2023-2024 Copyright: Central University Libraries. All Rights Reserved | Created by: Mahone Tech Office